| 000 | 00414nam a2200145 a 4500 | ||
|---|---|---|---|
| 001 | 502 | ||
| 003 | CDMR | ||
| 005 | 20130116135155.0 | ||
| 008 | 130130s ||||||||||||||||||||||||||||d | ||
| 040 |
_aCDMR _bcat _cCDMR |
||
| 100 | 1 |
_aSimó, Isabel-Clara _9360 |
|
| 245 | 1 | 0 |
_aComparación entre el hombre como producto del medio y el hombre como autosuficiente _cIsabel-Clara Simo Moivllor |
| 260 | _aBarcelona | ||
| 942 | _cTSN | ||
| 999 |
_c502 _d502 |
||